000
00208nam a22000977a 4500
999
_c
4631
_d
4631
008
250306b ||||| |||| 00| 0 eng d
020
_a
0514
082
_a
FIC DIS
245
_a
THE CRABBY CONDUCTOR
942
_2
ddc